Italia: síntesis de su historia y de su vida actual, en las artes, en las ciencias, en la economía, en la industría, en la agricultura y en los deportes

Na minha lista:
Detalhes bibliográficos
Autor principal: Saponaro, Michele (Author)
Formato: Livro
Idioma:espanhol
Publicado em: Milán Industrie Grafiche Italiane Stucchi 1934
Edição:6a. ed
Assuntos:
Tags: Adicionar Tag
Sem tags, seja o primeiro a adicionar uma tag!

MARC

LEADER 00000nam a2200000 a 4500
001 UCH1514
003 CL-VaPUC
008 090430e19340000IT |||||||||||||||||spa|d
082 0 4 |a 911.45  |b SAP  |2 21 
100 0 |a Saponaro, Michele  |e author  |9 535997 
245 1 0 |a Italia: síntesis de su historia y de su vida actual, en las artes, en las ciencias, en la economía, en la industría, en la agricultura y en los deportes 
250 |a 6a. ed 
300 |a 358 p 
942 |c BK 
945 |d 20090430 00:00:00  |a rbrito 
260 |a Milán  |b Industrie Grafiche Italiane Stucchi  |c 1934 
650 0 |a Viajes y expediciones   |9 408124 
650 0 |a Viajes y descripciones  |9 363745 
651 0 |a Italia  |9 254949 
583 |a last modification  |c 20090430 00:00:00  |k Rodrigo Vera 
999 |c 333525  |d 333523 
952 |0 0  |1 0  |4 0  |6 911_450000000000000_SAP_1934  |7 0  |8 X  |9 421979  |a FDOBUD  |b FDOBUD  |d 2019-11-22  |i 4526848  |o 911.45 SAP 1934  |p 4526848  |r 2019-11-22  |w 2019-11-22  |y BK_X  |k BUD